00833nam a2200241 i 4500001000300000100003000003245012500033260005800158300002100216500005300237504002600290650001300316655003000329700002000359015001700379020001800396040000800414041000800422044000800430080001400438008004100452856009800493bg1 aDziubiński, Franciszek.10aWprowadzenie do techniki :bprzewodnik do wykładów /cFranciszek Dziubiński, Zygmunt Lenik ; Politechnika Lubelska. aLublin :bWydawnictwo Politechniki Lubelskiej,c2007. a108 s. ;c24 cm. aU dołu s. tyt. i okł.: Wydawnictwa Uczelniane. aBibliogr. s. 107-108. 9aTechnika aPodręczniki akademickie1 aLenik, Zygmunt. aPB 3339/2009 a9788374970303 cBPK apol aPOL a62(075.8)090811s2007 pl |000 0 pol  uhttp://koha.tu.koszalin.pl/cgi-bin/koha/opac-detail.pl?biblionumber=56644yKatalog online BPK